Video Game By Volcano - Statistics

General Stats
  • This quiz has been taken 32 times
  • The average score is 8 of 20
Answer Stats
Picture Answer % Correct
Super Mario RPG
100%
Spyro 2: Ripto's Rage
87%
Pokémon Red/Blue/Yellow
77%
Mario Kart Wii
67%
The Legend Of Zelda: Breath Of The Wild
67%
Club Penguin
53%
Sly Cooper And The Thevius Raccoonus
50%
Natural Disaster Survival
47%
Fortnite
37%
Sim City
33%
The Elder Scrolls III: Morrowind
27%
Just Cause 3
20%
Animal Jam
17%
Monster Hunter 4
17%
Moshi Monsters
17%
Sea Of Thieves
13%
Tekken 2
13%
400 Years
10%
Resident Evil 5
10%
Kingdom Hearts
7%
No matching quizzes found
Score Distribution
Percent of People with Each Score
Percentile by Number Answered
Your Score History
You have not taken this quiz